| 000 | 00337nam a2200121Ia 4500 | ||
|---|---|---|---|
| 008 | 230907s9999||||xx |||||||||||||| ||und|| | ||
| 082 |
_a599.935 _bCUM |
||
| 100 |
_aCummings, Michael R. _9116088 |
||
| 245 | 0 | _aHuman heredity : | |
| 260 |
_aBrooks/Cole, Cengage Learning, _bBelmont, CA : _c2014 |
||
| 300 | _axxviii, 465 p. : | ||
| 942 | _cBK | ||
| 999 |
_c601001 _d601001 |
||